LEADER 01183nam0-2200337---450- 001 990009180090403321 005 20100621105812.0 035 $a000918009 035 $aFED01000918009 035 $a(Aleph)000918009FED01 035 $a000918009 100 $a20100429d2007----km-y0itay50------ba 101 0 $aita 102 $aIT 105 $ay-------001yy 200 1 $aJoseph Tusiani tra le due sponde dell'oceano$fa cura di Antonio Motta e Cosma Siani 210 $aSan Marco in Lamis$cIstituto d'istruzione secondaria superiore "Pietro Giannone" : Centro documentazione Leonardo Sciascia/archivio del Novecento$d2007 300 $aNumero speciale di "Il Giannone ", a. 5., n. 9/10, genn.-dic. 2007 300 $aContiene saggi e traduzioni di Joseph Tusiani ed alcuni articoli di autori vari 610 0 $aTusiani, Joseph 676 $a809.1 702 1$aTusiani,$bGiuseppe 702 1$aMotta,$bAntonio 702 1$aSiani,$bCosma 801 0$aIT$bUNINA$gRICA$2UNIMARC 901 $aBK 912 $a990009180090403321 952 $a809.1 TUS 1$b56023 bibl.$fFLFBC 959 $aFLFBC 996 $aJoseph Tusiani tra le due sponde dell'oceano$9779644 997 $aUNINA LEADER 00874nam0-22002891--450- 001 990008836000403321 005 20090406104651.0 035 $a000883600 035 $aFED01000883600 035 $a(Aleph)000883600FED01 035 $a000883600 100 $a20090406d1956----km-y0itay50------ba 101 0 $afre 102 $aCH 105 $ay-------001yy 200 1 $a<>crime de genocide$ethese presentee a la Faculte de droit de l'Universite de Fribourg (Suisse) pour l'obtention du grade de docteur en droit$fpar Antonio Planzer 210 $aSt. Gallen$cSchwald AG$d1956 215 $a210 p.$d24 cm 676 $a179 700 1$aPlanzer,$bAntonio$0505405 801 0$aIT$bUNINA$gRICA$2UNIMARC 901 $aBK 912 $a990008836000403321 952 $aDissertaz. Z 5$b57803$fFGBC 959 $aFGBC 996 $aCrime de genocide$9805231 997 $aUNINA